000 00674ntaaa2200181 4500
003 01
005 20251027202638.0
008 0714s1973 ag 01
040 _aAR-BaBN
_bspa
_cAR-BaBN
_eaacr
_dRIC
082 _a372.4000 Ed4
100 _aEditorial Marcos Sastre
_925874
245 _aLos mejores cuentos infantiles
250 _a1 ed.
260 _aBuenos Aires :
_bEditorial Marcos Sastre,
_cc1952
300 _a164 p
500 _aCuentos para niños: Aladino y la lámpara maravillosa: Alí Babá y los cuarenta ladrones: La Cenicienta: Caperucita Roja: Peter Pan: Blanca Nieves: Gato con Botas: Gulliver en el país de los enanos: Ratón perez.
942 _cBK
999 _c21623
_d21623